Top 100 NHL Point Scorers 2024-2025 - Statistics

General Stats
  • This quiz has been taken 54 times
  • The average score is 64 of 100
Answer Stats
Points Team Answer % Correct
106 BOS David Pastrnak
100%
106 EDM Leon Draisaitl
100%
102 TOR Mitch Marner
100%
116 COL Nathan Mackinnon
100%
121 TBL Nikita Kucherov
100%
92 PIT Sidney Crosby
100%
78 TOR Auston Matthews
98%
92 COL Cale Makar
98%
100 EDM Connor McDavid
98%
73 WSH Alex Ovechkin
95%
94 VGK Jack Eichel
95%
80 DAL Jason Robertson
95%
88 DAL Mikko Rantanen
95%
89 MTL Nick Suzuki
95%
70 NJD Jack Hughes
93%
97 WPG Kyle Connor
93%
76 VAN Quinn Hughes
93%
89 NYR Artemi Panarin
91%
82 TBL Brayden Point
91%
57 FLA Matthew Tkachuk
91%
84 TOR William Nylander
91%
87 WPG Mark Scheifele
88%
72 BUF Tage Thompson
88%
90 UTA Clayton Keller
86%
67 CHI Connor Bedard
86%
74 CAR Sebastian Aho
86%
67 LAK Anze Kopitar
84%
70 MTL Cole Caufield
84%
67 VGK Mark Stone
84%
81 FLA Sam Reinhart
84%
71 FLA Aleksander Barkov
81%
68 BUF Rasmus Dahlin
81%
82 CBJ Zach Werenski
81%
88 NJD Jesper Bratt
79%
81 STL Robert Thomas
79%
66 TBL Victor Hedman
79%
70 DET Dylan Larkin
77%
80 DET Lucas Raymond
77%
83 COL Martin Necas
77%
76 NSH Filip Forsberg
74%
80 TBL Jake Guentzel
74%
79 OTT Tim Stutzle
74%
63 SJS Macklin Celebrini
72%
90 TBL Brandon Hagel
70%
59 DET Patrick Kane
70%
67 DAL Roope Hintz
70%
71 DAL Wyatt Johnston
70%
70 DET Alex DeBrincat
67%
67 EDM Evan Bouchard
67%
74 TOR John Tavares
67%
73 MIN Matt Boldy
67%
62 NYR Mika Zibanejad
67%
69 NJD Nico Hischier
67%
61 NYR Adam Fox
65%
73 LAK Adrian Kempe
65%
70 NYR J.T. Miller
65%
67 CGY Nazem Kadri
65%
82 WSH Dylan Strome
60%
66 MTL Lane Hutson
60%
65 PIT Bryan Rust
56%
57 OTT Jake Sanderson
56%
70 STL Jordan Kyrou
56%
58 TOR Matthew Knies
56%
67 CAR Seth Jarvis
56%
62 CGY Jonathan Huberdeau
53%
65 WSH Tom Wilson
53%
76 PHI Travis Konecny
53%
67 BUF Alex Tuch
51%
63 WPG Nikolaj Ehlers
51%
60 UTA Dylan Guenther
49%
62 WPG Josh Morrissey
49%
57 NYI Bo Horvat
47%
74 CBJ Kirill Marchenko
47%
65 UTA Logan Cooley
47%
57 VGK Shea Theodore
47%
68 OTT Drake Batherson
44%
57 BOS Morgan Geekie
44%
70 PIT Rickard Rakell
44%
59 TBL Anthony Cirelli
40%
61 SEA Jared Mccann
40%
68 UTA JJ Peterka
37%
60 LAK Kevin Fiala
37%
61 WPG Gabriel Vilardi
35%
57 CBJ Kent Johnson
35%
63 UTA Nick Schmaltz
35%
66 WSH Aliaksei Protas
33%
82 DAL Matt Duchene
33%
57 STL Pavel Buchnevich
33%
66 ANA Mikael Granlund
30%
58 SJS William Eklund
30%
63 PHI Matvei Michkov
28%
66 WSH Pierre-Luc Dubois
28%
61 VGK Tomas Hertl
28%
59 NYR Vincent Trocheck
28%
60 MIN Marco Rossi
26%
58 CHI Teuvo Teravainen
26%
57 WSH Connor McMichael
21%
62 CHI Ryan Donato
21%
63 STL Dylan Holloway
16%
57 CBJ Sean Monahan
0%
No matching quizzes found
Score Distribution
Percent of People with Each Score
Percentile by Number Answered
Your Score History
You have not taken this quiz